LEADER 01978nam 2200529 450 001 9910157527503321 005 20080802083828.0 010 $a1-78297-560-8 010 $a1-78297-558-6 035 $a(CKB)3710000001001297 035 $a(MiAaPQ)EBC4774327 035 $a(EXLCZ)993710000001001297 100 $a20170119e20162008 uy 0 101 0 $aeng 135 $aurcnu|||||||| 181 $2rdacontent 182 $2rdamedia 183 $2rdacarrier 200 14$aThe army of the Roman Republic $ethe second century BC, Polybius and the camps at Numantia, Spain /$fby Michael Dobson 210 1$aOxford, [England] ;$aHavertown, Pennsylvania :$cOxbow Books,$d2016. 210 4$dİ2008 215 $a1 online resource (449 pages) $cillustrations, maps 311 $a1-84217-241-7 311 $a1-78570-398-6 320 $aIncludes bibliographical references and index. 327 $aThe archaeological and literary evidence -- The theoretical form of armies of the period of the Numantine Wars : the army of the second century BC -- The theoretical layout of camps of the period of the Numantine Wars : camps of the second century BC -- Numantia : the archaeology. 606 $aExcavations (Archaeology)$zRome 606 $aCities and towns, Ancient$zSpain 606 $aNumantine War, 143-133 B.C 607 $aRome$xArmy 607 $aRome$xMilitary antiquities 607 $aRome$xHistory$yRepublic, 265-30 B.C 607 $aNumantia (Extinct city) 607 $aSpain$xAntiquities, Roman 607 $aRome$xHistory, Military$y265-30 B.C 615 0$aExcavations (Archaeology) 615 0$aCities and towns, Ancient 615 0$aNumantine War, 143-133 B.C. 676 $a355.00937 700 $aDobson$b Mike$g(Michael J.),$01207926 801 0$bMiAaPQ 801 1$bMiAaPQ 801 2$bMiAaPQ 906 $aBOOK 912 $a9910157527503321 996 $aThe army of the Roman Republic$92786804 997 $aUNINA LEADER 05179oam 22005295 450 001 9910793275903321 005 20200520144314.0 010 $a1-4648-1355-8 024 7 $a10.1596/978-1-4648-1325-2 035 $a(CKB)4100000007177142 035 $a(MiAaPQ)EBC5606057 035 $a(The World Bank)211325 035 $a(US-djbf)211325 035 $a(Au-PeEL)EBL5606057 035 $a(OCoLC)1076485954 035 $a(NjHacI)994100000007177142 035 $a(EXLCZ)994100000007177142 100 $a20020129d2009 uf 0 101 0 $aeng 135 $aurcn||||||||| 181 $ctxt$2rdacontent 182 $cc$2rdamedia 183 $acr$2rdacarrier 200 10$aInformation and Communications for Development 2018 : $eData-Driven Development 210 1$aWashington, D.C. :$cThe World Bank,$d2019. 215 $a1 online resource (174 pages) 225 1 $aInformation and Communications for Development. 311 $a1-4648-1325-6 320 $aIncludes bibliographical references. 327 $aData: the fuel of the future -- Supply: data connectivity and capacity -- Better data for doing good: responsible use of big data and artificial intelligence -- People and data -- Firms and data -- Policies for the data economy -- Data for development indicators. 330 3 $aThe Information and Communications for Development series looks in depth at how information and communications technologies are affecting economic growth in developing countries. This new report, the fourth in the series, examines the topic of data-driven development, or how better information makes for better policies. The objective is to assist developing-country firms and governments in unlocking the value of the data they hold for better service delivery and decision making and to empower individuals to take more control of their personal data.We are undoubtedly experiencing a data revolution in which our ability to generate, process, and utilize information has been magnified many times over by the machines that we increasingly rely upon. This report is about how the data revolution is changing the behavior of governments, individuals, and firms and how these changes affect the nature of development: economic, social, and cultural. How can governments extract value from data to improve service delivery in the same way that private companies have learned to do for profit? Is it feasible for individuals to take ownership of their own data and to use it to improve their livelihoods and quality of life? Can developing-country firms compete with the internet majors on their own turf and be even more innovative in their use of data to serve local customers better? Though the report is aimed primarily at government policy makers, it also has great relevance for individuals concerned about how their personal data is used and how the data revolution might affect their future job prospects. For private sector firms, particularly those in developing countries, the report suggests how they might expand their markets and improve their competitive edge. For development professionals, the report provides guidance on how they might use data more creatively to tackle long-standing global challenges, such as eliminating extreme poverty, promoting shared prosperity, or mitigatingthe effects of climate change.The report's chapters explore different themes associated with the supply of data, the technology underlying it, and the demand for it. An overview chapter focuses on government use of data and presentation of definitions. Part I of the report then looks at the "supply side" of the data sector, with chapters on data connectivity and capacity (where data comes from, how it is stored, and where it goes) and data technology (specifically big data analytics and artificial intelligence) and how this is contributing to development. Part II looks at the sector's "demand side," with a chapter on people's use of data and another that examines how firms use digital platforms in the data economy and how that contributes to competitiveness. Part III brings together the policy implications for developing-country stakeholders, with a chapter considering government policies for data, including data protection and privacy. A closing Data Notes appendix looks at statistical indicators associated with the use of data and presents the 2018 update of the Digital Adoption Index (DAI), a composite indicator introduced in the 2016 World Development Report: Digital Dividends. 410 0$aWorld Bank e-Library. 517 3 $aTwenty eighteen Information and communications for development 606 $aInformation technology$xEconomic aspects$zDeveloping countries 606 $aCommunication$zDeveloping countries 606 $aInformation services$zDeveloping countries 615 0$aInformation technology$xEconomic aspects 615 0$aCommunication 615 0$aInformation services 676 $a303.4833091724 712 02$aWorld Bank, 801 0$bDJBF 801 1$bDJBF 906 $aBOOK 912 $a9910793275903321 996 $aInformation and Communications for Development 2018$93808326 997 $aUNINA